Tous les Bisounours (et les Cousinours, les cousins des Bisounours) - Statistiques

Statistiques générales
  • Ce quiz a été pris 3 fois
  • Le résultat moyen est 41 sur 65
Statistiques - réponses
Génération Noms des Bisounours (et des Cousinours) % Correct
Quatrième génération Harmonie
100%
Quatrième génération Toubisou
100%
Cousinours Toubrave
100%
Quatrième génération Toucâlin
100%
Cousinours Toucâlin
100%
Quatrième génération Tougentille
100%
Quatrième génération Touronchon
100%
Quatrième génération Toutaquin
100%
Cousinours Coeur Fondant
67%
Première génération Grognon
67%
Première génération Grosbisou
67%
Deuxième génération Groscadeau
67%
Première génération Groschéri
67%
Première génération Groscopain
67%
Première génération Grosdodo
67%
Deuxième génération Grosecret
67%
Première génération Grosfarceur
67%
Deuxième génération Grosfasol
67%
Première génération Grosgâteau
67%
Première génération Grosjojo
67%
Première génération Grostaquin
67%
Deuxième génération Grostendre
67%
Première génération Grosveinard
67%
Quatrième génération Surprise
67%
Deuxième génération Take Care Bear
67%
Deuxième génération Ti'Coquin
67%
Quatrième génération Ticoquin
67%
Deuxième génération Ti'Coquine
67%
Quatrième génération Ticoquine
67%
Quatrième génération Touchanceux
67%
Quatrième génération Touchanson
67%
Quatrième génération Touchérie
67%
Quatrième génération Toucopain
67%
Cousinours Toucostaud
67%
Quatrième génération Toucurieux
67%
Quatrième génération Toudodo
67%
Cousinours Toudodu
67%
Cousinours Toudoux
67%
Cousinours Toufier
67%
Quatrième génération Toufou
67%
Cousinours Toufou
67%
Cousinours Touloustic
67%
Cousinours Touloyal
67%
Quatrième génération Toumagique
67%
Cousinours Toumalin
67%
Quatrième génération Toumieux
67%
Quatrième génération Tousourire
67%
Quatrième génération Toutamie
67%
Quatrième génération Toutendre
67%
Troisième génération America Cares Bear
33%
Troisième génération Day Dream Bear
33%
Troisième génération Do Your Best Bear
33%
Quatrième génération Eclat Brillant
33%
Deuxième génération Groscascou
33%
Deuxième génération Groschampion
33%
Deuxième génération Grosrêveur
33%
Troisième génération Laugh a Lot Bear
33%
Deuxième génération Maminours
33%
Troisième génération Sixtoune
33%
Quatrième génération Toubeaurêve
33%
Quatrième génération Touchampion
33%
Cousinours Toucourgae
33%
Troisième génération Toulemur
33%
Quatrième génération Tourêveur
33%
Quatrième génération Toutamigo
33%
Aucun quiz correspondant
Distribution des résultats
% des personnes avec chaque résultat
Percentile par nombre de réponses
Votre historique - résultats
Vous n’avez pas pris ce quiz